Alignment systémové vyladění organizace : Jak využít Balanced Scorecard k vytváření synergií

Na minha lista:
Detalhes bibliográficos
Main Authors: Kaplan, Robert S. (Author), Norton, David P. (Author)
Formato: Livro
Idioma:tcheco
Publicado em: Praha : Management Press, 2006
Edição:1. vyd.
Assuntos:
Tags: Adicionar Tag
Sem tags, seja o primeiro a adicionar uma tag!

MARC

LEADER 00000nam a22000003a 4500
001 stu265005
005 20150617230155.5
008 130403s--------xr------------------cze-d
020 |a 80-7261-155-0 
040 |a STU  |b slo 
041 0 |a cze 
044 |a xr 
080 |a 658.5 
100 1 |a Kaplan, Robert S.  |4 aut 
245 1 |a Alignment systémové vyladění organizace :  |b Jak využít Balanced Scorecard k vytváření synergií 
250 |a 1. vyd. 
260 |a Praha :  |b Management Press,  |c 2006 
300 |a 310 s 
650 7 |a Manažment-teórie  |2 stusub 
700 1 |a Norton, David P.  |4 aut 
996 |b 284J041066  |c J*115838  |l JJSK  |s A  |a 24  |w stu265005_0001